Statistics for Breaking Bad Trivia #E

Click here to take the quiz!

General Stats

  • This quiz has been taken 68 times
  • The average score is 10 of 15

Answer Stats

HintAnswer% Correct
Major Don in the cartelEladio
94%
Title of the sequel, with Jesse in the main roleEl Camino
92%
Co-Founder of Gray MatterElliott Schwartz
86%
Bogdan is known for his __Eyebrows
84%
Hank briefly gets promoted to this locationEl Paso
80%
Mikes surnameEhrmantraut
78%
Actor of Gustavo FringGiancarlo Esposito
76%
"Jesse, you asked me if I was in the meth business or the money business. Neither. I'm in the __ business."Empire Business
70%
Amount of money Walt has before it gets taken by JackEighty Million
62%
First victim of WaltEmilio Koyama
62%
New Mexico is called the " Land of __"Enchantment
52%
Guy, who helps Walt disappear to New HampshireEd
48%
Walt steals this cooking utensil from his HighschoolErlenmeyer Flask
38%
Full company name: Madrigal __Electromotive
36%
Hank has seen better acting in an __ than in Sauls commercialsEpileptic Whorehouse
36%

Score Distribution

Percentile by Number Answered

Percent of People with Each Score

Your Score History

You have not taken this quiz